书目信息 |
| 题名: |
西餐
|
|
| 作者: | 王森 主编 | |
| 分册: | ||
| 出版信息: | 青岛 青岛出版社 2019 |
|
| 页数: | 317页 | |
| 开本: | 25cm | |
| 丛书名: | ||
| 单 册: | ||
| 中图分类: | TS972.118 | |
| 科图分类: | ||
| 主题词: | 西式菜肴--烹饪 | |
| 电子资源: | ||
| ISBN: | 978-7-5552-7683-8 | |
| 000 | 00830nam0 2200241 450 | |
| 001 | 2373163323 | |
| 005 | 20230924201944.40 | |
| 010 | @a978-7-5552-7683-8@b精装@dCNY88.00 | |
| 100 | @a20190921d2019 em y0chiy50 ea | |
| 101 | 0 | @achi |
| 102 | @aCN@b370000 | |
| 105 | @aa z 000yy | |
| 200 | 1 | @a西餐@Axi can@dWestern cuisine@f王森主编@zeng |
| 210 | @a青岛@c青岛出版社@d2019 | |
| 215 | @a317页@c彩照,彩图@d25cm | |
| 300 | @a王森西点教室 | |
| 330 | @a本书由世界名厨亲自示范制作过程,专业的作者,提供专业水准的配方和做法。基本高汤、酱汁、星级饭店必备主菜全包罗,为读者揭秘大厨不外传的秘技,将西餐的制作方法以通俗化的语言进行讲解。 | |
| 510 | 1 | @aWestern cuisine@zeng |
| 606 | 0 | @a西式菜肴@x烹饪 |
| 690 | @aTS972.118@v5 | |
| 701 | 0 | @a王森@Awang sen@4主编 |
| 801 | 0 | @aCN@b安徽时代@c20230923 |
| 905 | @aBZT@dTS972.118@e4 | |
| 西餐=Western cuisine/王森主编.-青岛:青岛出版社,2019 |
| 317页:彩照,彩图;25cm |
| 王森西点教室 |
| ISBN 978-7-5552-7683-8(精装):CNY88.00 |
| 本书由世界名厨亲自示范制作过程,专业的作者,提供专业水准的配方和做法。基本高汤、酱汁、星级饭店必备主菜全包罗,为读者揭秘大厨不外传的秘技,将西餐的制作方法以通俗化的语言进行讲解。 |
| ● |
| 相关链接 |
|
|
|
正题名:西餐
索取号:TS972.118/4
 
预约/预借
| 序号 | 登录号 | 条形码 | 馆藏地/架位号 | 状态 | 备注 |
| 1 | 2000930317 | 2000930317 | 第四书库/四28架A面1层3列/ [索取号:TS972.118/4] | 在馆 | |
| 2 | 2000930318 | 2000930318 | 第四书库/四28架A面1层3列/ [索取号:TS972.118/4] | 在馆 | |
| 3 | 2000930319 | 2000930319 | 第四书库/四28架A面1层3列/ [索取号:TS972.118/4] | 在馆 | |
| 4 | 2000930320 | 2000930320 | 第四书库/四28架A面1层3列/ [索取号:TS972.118/4] | 在馆 | |
| 5 | 2000930321 | 2000930321 | 第四书库/四28架A面1层3列/ [索取号:TS972.118/4] | 在馆 | |
| 6 | 2000930322 | 2000930322 | 第四书库/四28架A面1层3列/ [索取号:TS972.118/4] | 在馆 |